Statistiques concernant Images par couleur - Orange

Cliquez ici pour prendre le quiz!

Statistiques générales

  • Ce quiz a été pris 172 fois
  • Le résultat moyen est 11 sur 12

Statistiques - réponses

Réponse% Correct
Orange
100%
Feu
98%
Jus
98%
Papillon
98%
Carotte
97%
Feuille
97%
Bonbon
95%
Fleur
95%
Tigre
93%
Chat
92%
Citrouille
92%
Laine
90%

Distribution des résultats

Percentile par nombre de réponses

% des personnes avec chaque résultat

Votre développement - résultats

Vous n’avez pas pris ce quiz